Statistics for Countries that are also U.S. Cities

Click here to take the quiz!

General Stats

  • This quiz has been taken 27 times
  • The average score is 15 of 30

Answer Stats

# of U.S. citiesCountry Name% Correct
5Mexico
84%
2China
80%
1Brazil
76%
1Italy
72%
4Denmark
68%
6Norway
68%
1Russia
68%
2Belgium
64%
1Georgia
64%
1Sweden
64%
6Cuba
60%
3Egypt
60%
1Finland
60%
1Greece
60%
5Panama
60%
9Peru
60%
3Jordan
56%
3Poland
56%
2Turkey
48%
2Jamaica
40%
18Lebanon
36%
2Grenada
32%
1Morocco
32%
2Angola
28%
1Bolivia
28%
1Samoa
24%
1Sudan
24%
4Malta
20%
1San Marino
20%
4Palestine
12%

Score Distribution

Percentile by Number Answered

Percent of People with Each Score

Your Score History

You have not taken this quiz